El valor humano de la educación musical
Na minha lista:
| Autor principal: | |
|---|---|
| Formato: | Livro |
| Idioma: | espanhol |
| Publicado em: |
Barcelona
Paidós Ibérica
2002
|
| Edição: | 3a. ed |
| Colecção: | Paidós Educador, 166
|
| Assuntos: | |
| Tags: |
Adicionar Tag
Sem tags, seja o primeiro a adicionar uma tag!
|
MARC
| LEADER | 00000nam a2200000 a 4500 | ||
|---|---|---|---|
| 001 | UCJ2182 | ||
| 003 | CL-VaPUC | ||
| 008 | 061201e20020000SP |||||||||||||||||spa|d | ||
| 020 | |a 8449312647 | ||
| 082 | 0 | 4 | |a 372.87 |b WIL |2 21 |
| 100 | 0 | |a Willems, Edgar |e author |9 503097 | |
| 245 | 1 | 3 | |a El valor humano de la educación musical |
| 250 | |a 3a. ed | ||
| 300 | |a 230 p | ||
| 942 | |c BK | ||
| 945 | |d 20061201 00:00:00 |a cmena | ||
| 260 | |a Barcelona |b Paidós Ibérica |c 2002 | ||
| 650 | 0 | |a Educación artística |9 269035 | |
| 650 | 0 | |a Aprendizaje |9 254827 | |
| 650 | 0 | |a Enseñanza de la música |9 339802 | |
| 650 | 0 | |a Conciencia |9 309452 | |
| 650 | 0 | |a Procesos de aprendizaje |9 309161 | |
| 650 | 0 | |a Música |9 306269 | |
| 650 | 0 | |a Psicología aplicada |9 270762 | |
| 583 | |a last modification |c 20061201 00:00:00 |k Rodrigo Vera | ||
| 490 | 0 | |a Paidós Educador, 166 | |
| 999 | |c 318532 |d 318530 | ||
| 952 | |0 0 |1 0 |4 0 |6 372_870000000000000_WIL_2002 |7 0 |8 A |9 396368 |a BIBEDU |b BIBEDU |d 2019-11-22 |i 4303679 |o 372.87 WIL 2002 |p 4303679 |r 2019-11-22 |w 2019-11-22 |y BK |k EBA | ||
| 952 | |0 0 |1 0 |4 0 |6 372_870000000000000_WIL_2002 |7 0 |8 A |9 396369 |a BIBEDU |b BIBEDU |d 2019-11-22 |i 4505417 |o 372.87 WIL 2002 |p 4505417 |r 2019-11-22 |w 2019-11-22 |y BK |k EPE | ||